000 00981nam a2200253 a 4500
001 000032543
005 20200930065709.0
008 110719s1997 dr 000 0 spa d
040 _aDO-SdBNP
_bspa
_cBNPHU
082 _a346.067
_bR426L
110 1 _aRepública Dominicana
_9447
240 1 0 _a[Leyes, etc.]
245 1 0 _aNo. 141-97 :
_bley general de reforma de la empresa pública del 24 de junio de 1997, G. O. no. 9957.
246 1 0 _aLey de capitalización de la empresa pública
260 _aSanto Domingo :
_b[s.n.],
_c1997.
300 _a11 p. ;
_c21 cm.
590 _aInventariado, 2018/LP
650 4 _aEmpresas estatales
_xLegislación
_958470
650 4 _aAdministracion pública
_zRepública Dominicana
_xLegislación
_958471
650 4 _aReformas constitucionales
_zRepública Dominicana
_xLegislación
_958472
651 4 _aRepública Dominicana
_xLeyes
_916541
651 4 _aRepública Dominicana
_xLey 141-97
_958473
910 _aValidado. Control de calidad EMS
999 _c32034
_d32034